| 000 | 00625nam a2200217Ia 4500 | ||
|---|---|---|---|
| 005 | 20241129111328.0 | ||
| 008 | 241129s9999||||xx |||||||||||||| ||und|| | ||
| 020 | _a978-2-7451-0842-5 | ||
| 037 | _aTB | ||
| 040 |
_aCRL _beng _cCRL |
||
| 041 |
_aara _2ara |
||
| 084 |
_aO28,1A525x P9 _qCRL |
||
| 100 |
_aSaeedi Mohammad Maaruf Au. _9724093 |
||
| 245 | 0 |
_aDeewan antarah bin Shadad _cSaeedi Mohammad Maaruf Au. |
|
| 260 |
_aBeirut, Lebanon _bDar al-kotob al-ilmiyah _c2009 |
||
| 300 | _a175p. | ||
| 365 |
_aINR _b760 |
||
| 650 | _aArabic Poetry | ||
| 942 |
_cTB _hO28,1A525x P9 |
||
| 999 |
_c1229948 _d1229948 |
||